000 00700nam a2200217Ii 4500
003 JO-AjNU
008 230605s9999||||xx |||||||||||||| ||und||
017 _a78/3151
020 _a977-7299-37-00
040 _aJO-AjNU
_bara
_erda
_cJO-AjNU
041 _aara
050 1 4 _aLB1025.2.J42 1977
100 3 _aالجيار،سيد إبراهيم,
_eauthor
_920783
245 0 0 _aالتوجيه الفلسفي والإجتماعي للتربية
264 3 1 _aالقاهرة:مكتبة غريب،1977
300 _a158ص
336 _atext
_btxt
_2rdacontent
337 _aunmediated
_bn
_2rdamedia
338 _avolume
_bnc
_2rdacarrier
650 4 _aالتربية و التعليم-فلسفة
_920784
999 _aA7108
_c10676
_d10676